[Event "Collado Villalba op 30th"]
[Site "Collado Villalba"]
[Date "2013.08.31"]
[Round "9"]
[White "Gil Rodriguez, Jose Francisco"]
[Black "Linares Leyva, David"]
[Result "1/2-1/2"]
[WhiteElo "1985"]
[BlackElo "1852"]
[PlyCount "80"]
[EventDate "2013.08.23"]
[EventType "swiss"]
[EventRounds "9"]
[EventCountry "ESP"]
[SourceTitle "CBM 156 Extra"]
[Source "ChessBase"]
[SourceDate "2013.10.22"]
[SourceVersion "1"]
[SourceVersionDate "2013.10.22"]
[SourceQuality "1"]

1. d4 Nf6 2. Nf3 e6 3. e3 d5 4. Bd3 c5 5. c3 Be7 6. Nbd2 Nbd7 7. 0-0 0-0 8. Qe2 b6 9. e4 dxe4 10. Nxe4 Bb7 11. Bf4 Nxe4 12. Bxe4 Bxe4 13. Qxe4 Nf6 14. Qe2 cxd4 15. Nxd4 Bc5 16. Rad1 Qd5 17. Nb3 Qf5 18. Nxc5 Qxf4 19. Rd4 Qf5 20. Nd7 Rfd8 21. Rfd1 Nd5 22. Ne5 Re8 23. Qe4 Qxe4 24. Rxe4 b5 25. Kf1 Rac8 26. c4 bxc4 27. Nxc4 Red8 28. Ke1 Kf8 29. Ne3 Rb8 30. Nxd5 exd5 31. Re2 Re8 32. Rxe8+ Kxe8 33. b3 Rb5 34. Ke2 Kd7 35. Kd3 Kd6 36. Rb1 Rb4 37. f3 Rb6 38. f4 Ra6 39. Rb2 Rc6 40. Kd4 Rc1 1/2-1/2

[Event "Collado Villalba op 30th"]
[Site "Collado Villalba"]
[Date "2013.08.29"]
[Round "7"]
[White "Gil Rodriguez, Jose Francisco"]
[Black "Dapica Tejada, Ruben"]
[Result "1/2-1/2"]
[WhiteElo "1985"]
[BlackElo "1730"]
[PlyCount "83"]
[EventDate "2013.08.23"]
[EventType "swiss"]
[EventRounds "9"]
[EventCountry "ESP"]
[SourceTitle "CBM 156 Extra"]
[Source "ChessBase"]
[SourceDate "2013.10.22"]
[SourceVersion "1"]
[SourceVersionDate "2013.10.22"]
[SourceQuality "1"]

1. d4 Nf6 2. Nf3 c5 3. e3 cxd4 4. exd4 d5 5. c4 e6 6. Be2 Bb4+ 7. Bd2 Bxd2+ 8. Qxd2 0-0 9. 0-0 b6 10. Nc3 dxc4 11. Bxc4 Bb7 12. Ne5 Nd5 13. Rac1 Nd7 14. Nxd5 Nxe5 15. dxe5 exd5 16. Bb3 Qe7 17. Rfe1 Rad8 18. Qd4 Bc8 19. h3 Be6 20. Rc3 Qg5 21. Rg3 Qf5 22. f4 h6 23. Rf3 Qg6 24. g4 Bc8 25. Rf2 Bf5 26. Bd1 Be4 27. Bf3 Bxf3 28. Rxf3 Rc8 29. Rc3 Rxc3 30. Qxc3 h5 31. Re2 hxg4 32. Rg2 Qb1+ 33. Kh2 gxh3 34. Qxh3 Qh7 35. Rd2 Qxh3+ 36. Kxh3 Rd8 37. Kg4 Kf8 38. f5 Ke7 39. Rd4 Rd7 40. Kf4 Rd8 41. Ke3 g6 42. Kf4 1/2-1/2